| 000 -LEADER |
| fixed length control field |
01997cam a2200373 a 4500 |
| 001 - CONTROL NUMBER |
| control field |
15415787 |
| 005 - DATE AND TIME OF LATEST TRANSACTION |
| control field |
20170118160512.0 |
| 008 - FIXED-LENGTH DATA ELEMENTS--GENERAL INFORMATION |
| fixed length control field |
080818s2008 enka b 001 0 eng |
| 010 ## - LIBRARY OF CONGRESS CONTROL NUMBER |
| LC control number |
2008036355 |
| 015 ## - NATIONAL BIBLIOGRAPHY NUMBER |
| National bibliography number |
GBA887722 |
| Source |
bnb |
| 016 7# - NATIONAL BIBLIOGRAPHIC AGENCY CONTROL NUMBER |
| Record control number |
014668063 |
| Source |
Uk |
| 020 ## - INTERNATIONAL STANDARD BOOK NUMBER |
| International Standard Book Number |
0199266468 (alk. paper) |
| 020 ## - INTERNATIONAL STANDARD BOOK NUMBER |
| International Standard Book Number |
9780199266463 (alk. paper) |
| 020 ## - INTERNATIONAL STANDARD BOOK NUMBER |
| International Standard Book Number |
0199266476 (pbk. : alk. paper) |
| 020 ## - INTERNATIONAL STANDARD BOOK NUMBER |
| International Standard Book Number |
9780199266470 (pbk. : alk. paper) |
| 035 ## - SYSTEM CONTROL NUMBER |
| System control number |
(OCoLC)ocn229023676 |
| 040 ## - CATALOGING SOURCE |
| Original cataloging agency |
DLC |
| Transcribing agency |
DLC |
| Modifying agency |
UKM |
| -- |
BTCTA |
| -- |
BAKER |
| -- |
YDXCP |
| -- |
BWKUK |
| -- |
BWK |
| -- |
BWX |
| -- |
IXA |
| -- |
CDX |
| -- |
NLGGC |
| -- |
DLC |
| 050 00 - LIBRARY OF CONGRESS CALL NUMBER |
| Classification number |
BD413 |
| Item number |
.Y33 2008 |
| 100 1# - MAIN ENTRY--PERSONAL NAME |
| Personal name |
Yablo, Stephen. |
| 245 10 - TITLE STATEMENT |
| Title |
Thoughts : |
| Remainder of title |
papers on mind, meaning, and modality / |
| Statement of responsibility, etc. |
Stephen Yablo. |
| 260 ## - PUBLICATION, DISTRIBUTION, ETC. (IMPRINT) |
| Place of publication, distribution, etc. |
Oxford ; |
| -- |
New York : |
| Name of publisher, distributor, etc. |
Oxford University Press, |
| Date of publication, distribution, etc. |
2008. |
| 300 ## - PHYSICAL DESCRIPTION |
| Extent |
327 p. : |
| Other physical details |
ill. ; |
| Dimensions |
25 cm. |
| 504 ## - BIBLIOGRAPHY, ETC. NOTE |
| Bibliography, etc |
Includes bibliographical references and index. |
| 505 0# - FORMATTED CONTENTS NOTE |
| Formatted contents note |
The real distinction between mind and body -- Is conceivability a guide to possibility? -- Textbook kripkeanism and the open texture of concepts -- Coulda, woulda, shoulda -- No fool's cold : notes on illusions of possibility -- Beyond rigidification : the importance of being really actual -- How in the world? -- Mental causation -- Singling out properties -- Wide causation -- Causal relevance : mental, moral, and epistemic. |
| 650 #0 - SUBJECT ADDED ENTRY--TOPICAL TERM |
| Topical term or geographic name as entry element |
Philosophy of mind. |
| 650 #0 - SUBJECT ADDED ENTRY--TOPICAL TERM |
| Topical term or geographic name as entry element |
Mind and body. |
| 650 #0 - SUBJECT ADDED ENTRY--TOPICAL TERM |
| Topical term or geographic name as entry element |
Causation. |
| 856 41 - ELECTRONIC LOCATION AND ACCESS |
| Materials specified |
Table of contents only |
| Uniform Resource Identifier |
<a href="http://www.loc.gov/catdir/toc/ecip0826/2008036355.html">http://www.loc.gov/catdir/toc/ecip0826/2008036355.html</a> |
| 942 ## - ADDED ENTRY ELEMENTS (KOHA) |
| Source of classification or shelving scheme |
|
| Koha item type |
Hard Covered Materials |
| Classification part |
BD413 .Y33 2008 |